| 000 | 01673cam a22004574i 4500 | ||
|---|---|---|---|
| 003 | PE-LiUPU | ||
| 005 | 20250731173020.0 | ||
| 008 | 150623s1999 xxu r 000 0 eng d | ||
| 020 | _a094103786X | ||
| 035 | _a(Sirsi) i9780941037860 | ||
| 040 |
_aPE-LiUPU _bspa _cPE-LiUPU _erda |
||
| 049 | _aPRUA | ||
| 082 | 0 | 4 |
_a227.870 67 _bD59 _221 |
| 100 | 1 |
_aDeSilva, David Arthur, _eautor. |
|
| 245 | 1 | 0 |
_aBearing Christ's reproach : _bthe challenge of hebrews in an honor culture / _cDavid Arthur DeSilva. |
| 264 | 1 |
_aNorth Richland Hills, TX : _bBIBAL Press, _c1999. |
|
| 300 |
_a169 páginas ; _c22 centímetros |
||
| 336 |
_atext _2rdacontent |
||
| 337 |
_aunmediated _2rdamedia |
||
| 338 |
_avolume _2rdacarrier |
||
| 504 | _aIncluye bibliografía. | ||
| 505 | 0 | _aReading Hebrews within an honor culture -- The situation of the adrressees -- Despising shame -- Honor, gratitude, and the divine patron -- The path to honor. | |
| 526 | _aSEG42 | ||
| 526 | _aSEG41 | ||
| 526 | _aSEG40 | ||
| 526 | _aSEG39 | ||
| 526 | _aP94 | ||
| 526 | _aP87 | ||
| 526 | _aP86 | ||
| 526 | _aP85 | ||
| 526 | _aP77 | ||
| 526 | _aP76 | ||
| 526 | _aP35 | ||
| 630 |
_aBiblia. _pN.T. _pHebreos _xCrítica, interpretación, etc. |
||
| 942 |
_2ddc _cBOOK |
||
| 949 |
_a227.870 67 D59 _wDEWEY _c1 _i47428 _lCCODEBUL1 _mBUL _r0 _sY _tBOOK _u2015-6-24 _xTEOLOGIA _PP35 _0COMPRA _o.STAFF. Colección Teología |
||
| 994 |
_aC0 _bPEPRU |
||
| 596 | _a1 | ||
| 999 |
_a227.870 67 D59 _wDEWEY _c23986 _i47428 _f2021-11-9 _g5 _lCCODEBUL1 _mBUL _p20.00 _r0 _sY _tBOOK _u2015-6-24 _xTEOLOGIA _PP35 _0COMPRA _o.STAFF. Colección Teología _d23986 |
||
| 980 |
_81 _gALBERTO SANCHEZ Responsable de Automatización |
||